000
00312nam a22001457a 4500
008
211018b ||||| |||| 00| 0 eng d
020
_a
9780395649558
041
_a
eng
080
_2
3rd
_a
159.9
082
_a
159.9
100
_a
48
101
_a
PSI
245
_a
Psychology
_c
Bernsein,D.A
942
_2
udc
_c
BK
999
_c
58257
_d
58257